التأملات فى الفلسفة الأولى

محفوظ في:

المؤلف الرئيسي: عثمان أمين.

التنسيق: كتاب

اللغة: Undetermined

منشور في: Cairo Anglo-Egyptian 1951

سلاسل: ديكارت

الوسوم: إضافة وسم

لا توجد وسوم, كن أول من يضع وسما على هذه التسجيلة!

رقم الطلب: O10 DESC

LEADER 00378nam a2200133Ia 4500
008 240404s9999||||xx |||||||||||||| ||und||
050 4 |a O10 DESC 
100 1 |a عثمان أمين. 
245 1 0 |a التأملات فى الفلسفة الأولى  |c عثمان أمين 
264 1 |a Cairo  |b Anglo-Egyptian  |c 1951 
300 |a 255  |c 19 
490 0 |a ديكارت 
942 |2 lcc  |c BK 
999 |c 57947  |d 57947